|
|
|
|
| LEADER |
02075nam a2200445 i 4500 |
| 001 |
EBC1579704 |
| 003 |
MiAaPQ |
| 005 |
20200520144314.0 |
| 006 |
m o d | |
| 007 |
cr cnu|||||||| |
| 008 |
131231t20132013xxk ob 000 0 eng|d |
| 020 |
|
|
|z 9781781907382
|
| 020 |
|
|
|a 9781781907399
|q (electronic bk.)
|
| 035 |
|
|
|a (MiAaPQ)EBC1579704
|
| 035 |
|
|
|a (Au-PeEL)EBL1579704
|
| 035 |
|
|
|a (CaPaEBR)ebr10818401
|
| 035 |
|
|
|a (CaONFJC)MIL551534
|
| 035 |
|
|
|a (OCoLC)866643701
|
| 040 |
|
|
|a MiAaPQ
|b eng
|e rda
|e pn
|c MiAaPQ
|d MiAaPQ
|
| 050 |
|
4 |
|a HB171
|b .F76 2013
|
| 245 |
0 |
0 |
|a From economy to society? :
|b perspectives on transnational risk regulation /
|c edited by Bettina Lange, Centre for Socio-Legal Studies, University of Oxford, Oxford, UK, Dania Thomas, Adam Smith Business School and School of Law, University of Glasgow, UK, Austin Sarat, Department of Law, Jurisprudence & Social Thought and Political Science, Amherst College, Amherst, USA.
|
| 264 |
|
1 |
|a United Kingdom :
|b Emerald,
|c 2013.
|
| 264 |
|
4 |
|c 2013
|
| 300 |
|
|
|a 1 online resource (284 pages).
|
| 336 |
|
|
|a text
|2 rdacontent
|
| 337 |
|
|
|a computer
|2 rdamedia
|
| 338 |
|
|
|a online resource
|2 rdacarrier
|
| 490 |
1 |
|
|a Studies in law, politics, and society,
|x 1059-4337 ;
|v volume 62
|
| 504 |
|
|
|a Includes bibliographical references.
|
| 505 |
0 |
|
|a part I. Theoretical engagement with Polanyi : context and critique -- part II. Applying and developing Polanyian ideas.
|
| 588 |
|
|
|a Description based on online resource; title from PDF title page (ebrary, viewed January 1, 2014).
|
| 590 |
|
|
|a Electronic reproduction. Ann Arbor, MI : ProQuest, 2015. Available via World Wide Web. Access may be limited to ProQuest affiliated libraries.
|
| 650 |
|
0 |
|a Economics.
|
| 655 |
|
4 |
|a Electronic books.
|
| 700 |
1 |
|
|a Lange, Bettina.
|
| 700 |
1 |
|
|a Thomas, Dania.
|
| 700 |
1 |
|
|a Sarat, Austin,
|e editor.
|
| 797 |
2 |
|
|a ProQuest (Firm)
|
| 830 |
|
0 |
|a Studies in law, politics, and society ;
|v v. 62.
|
| 856 |
4 |
0 |
|u https://ebookcentral.proquest.com/lib/matrademy/detail.action?docID=1579704
|z Click to View
|